JCT standard form of building contract 1980 edition: practice note 6: value added tax (Record no. 97538)

MARC details
000 -LEADER
fixed length control field 00540cam a2200193 4500
001 - CONTROL NUMBER
control field D6197
008 - FIXED-LENGTH DATA ELEMENTS--GENERAL INFORMATION
fixed length control field 090401t1981 xxu||||| |||| 00| 0 eng d
035 ## - SYSTEM CONTROL NUMBER
System control number (Sirsi) u90167
041 ## - LANGUAGE CODE
Language code of text/sound track or separate title eng
050 ## - LIBRARY OF CONGRESS CALL NUMBER
Classification number 692.8
110 ## - MAIN ENTRY--CORPORATE NAME
Corporate name or jurisdiction name as entry element Joint Contracts Tribunal
9 (RLIN) 3664
245 ## - TITLE STATEMENT
Title JCT standard form of building contract 1980 edition: practice note 6: value added tax
260 ## - PUBLICATION, DISTRIBUTION, ETC.
Name of publisher, distributor, etc. RIBA
Date of publication, distribution, etc. 1981
350 ## - PRICE (NR) (BK AM CF MU VM SE) [OBSOLETE]
Price 0
490 ## - SERIES STATEMENT
Series statement JCT Practice Note
Volume/sequential designation 6
520 ## - SUMMARY, ETC.
Summary, etc. Filed in box JCT 1981/6AC A - Archives, C - Loan
942 ## - ADDED ENTRY ELEMENTS (KOHA)
Suppress in OPAC 0
948 ## - LOCAL PROCESSING INFORMATION (OCLC); SERIES PART DESIGNATOR (RLIN)
c (OCLC) 04/03/1997
Holdings
Withdrawn status Lost status Source of classification or shelving scheme Damaged status Not for loan Home library Current library Shelving location Date acquired Total Checkouts Full call number Barcode Date last seen Copy number Price effective from Koha item type Date last checked out
    Dewey Decimal Classification     London London Boxed set 08/08/1991   JCT 1981/6 30016381 06/08/2019 1 06/08/2019 Reference material  
    Dewey Decimal Classification     London London Boxed set 08/08/1991 1 JCT 1981/6 30016382 06/08/2019 2 06/08/2019 Book 09/09/2003